Géographie de Paris par lettre - A - Statistiques

Statistiques générales
  • Ce quiz a été pris 70 fois
    9 depuis la dernière actualisation
  • Le résultat moyen est 10 sur 20
Statistiques - réponses
Question Réponse % Correct
Compagnie aérienne historiquement associée à Paris Air France
100%
Plus belle station de métro de Paris dans le 3ème arrondissement Arts et Métiers
100%
Monument napoléonien au sommet des Champs-Élysées Arc de Triomphe
86%
Institution législative installée au Palais-Bourbon Assemblée nationale
86%
Station de métro et quartier de Montmartre Abbesses
71%
Institution chargée de veiller sur la langue française Académie française
71%
Ville frontalière à Paris dont le terminus de la ligne 12 à pour siège sa mairie Aubervilliers
71%
Gare parisienne liée à la victoire napoléonienne Austerlitz
71%
Grande salle d’événements à Bercy Accor Arena
57%
Parc du 15e arrondissement portant le nom d’un industriel André Citroën
57%
Pont parisien très ornementé près des Invalides Alexandre III
43%
Vestiges gallo-romains dans le 5e arrondissement Arènes de Lutèce
43%
Bataille célèbre et station de métro située dans le 14e arrondissement Alésia
29%
Institution patrimoniale du Marais Archives nationales
29%
Centre d’art numérique très célèbre dans le 11e arrondissement Atelier des Lumières
29%
Grande avenue de luxe du 8e arrondissement Avenue Montaigne
29%
Nom d’une station de métro et d’un écrivain français qui a reçu le prix Nobel de littèrature en 1921 Anatole France
14%
Aquarium proche du Trocadéro Aquarium de Paris
14%
Rue parisienne célèbre pour être une des plus anciennes et typiques Abbaye (Rue de l')
0%
Bibliothèque historique du 4e arrondissement Arsenal
0%
Aucun quiz correspondant
Distribution des résultats
% des personnes avec chaque résultat
Percentile par nombre de réponses
Votre historique - résultats
Vous n’avez pas pris ce quiz depuis la dernière actualisation